000 00340 a2200157 4500
001 194256
020 _a978-85-262-9557-5
040 _cMagnum
100 _aIacocca, Michele
240 1 0 _aO outro lado do lado
_lpor
245 1 0 _aO outro lado do lado
300 _a16
362 0 _a2015
697 _aLITERATURA INFANTIL
942 _cBK
999 _c194256
_d194256